00442nam a2200157 a 450000100100000000500170001000800410002704000250006808200160009310000290010924500480013826000380018630000340022404900090025899900170026700003403720200930070724.0110921s1981 dr ac 000 0 spa d aDO-SdBNPbspacBNPHU axxxxbG216f1 aGarcía, Wifredo95386410aFotografía :bun arte para nuestro siglo. aSanto Domingo :bMaperisa,c1981. a356 p. :bil. retr. ;c20 cm. aBNPD c33528d33528